Word Ladder: New Horizons Quiz Stats

 Plays Quiz Updated Dec 17, 2015

Also try: Word Ladder: Space
Challenge
Share
Tweet
Embed
Score 0/16 Timer 02:00
0 Plays Today
Clue 5-Letter Word % Correct
Washington, but not D.C.STATE
96.2%
⚫️ Downgraded planet ⚫️⚫️ PLUTO ⚫️
96%
Fixed gazeSTARE
96%
Pepper, nutmeg, e.g.SPICE
96%
🚀 NASA's domain 🚀🚀 SPACE 🚀
95%
Ancient Greek philosopherPLATO
94.4%
Roofing materialSLATE
93.4%
Word with 'ribs'SPARE
91.9%
Clue 5-Letter Word % Correct
Part of the earth's crustPLATE
91.6%
Telemarketer's toolPHONE
90.6%
Edge of a body of waterSHORE
90.2%
GlowedSHONE
88.6%
Cathedral topperSPIRE
87.9%
Home of the 'Hobbits'SHIRE
86.2%
Having a tendencyPRONE
75.7%
🚀 Examine deeply 🚀🚀 PROBE 🚀
65.2%

Today's Daily Dose

You're not logged in!

Compare scores with friends on all Sporcle quizzes.
Join for Free
OR
Log In

You Might Also Like...

Show Comments

Extras

Top Quizzes Today


Score Distribution

Your Account Isn't Verified!

In order to create a playlist on Sporcle, you need to verify the email address you used during registration. Go to your Sporcle Settings to finish the process.

Report this User

Report this user for behavior that violates our Community Guidelines.

Details: